Conquering setbacks. (Record no. 12638)

000 -LEADER
fixed length control field 00553nam a2200193 a 4500
001 - CONTROL NUMBER
control field :::00010447$&:&@@
003 - CONTROL NUMBER IDENTIFIER
control field OkBaRHE
005 - DATE AND TIME OF LATEST TRANSACTION
control field 20000607103359.0
008 - FIXED-LENGTH DATA ELEMENTS--GENERAL INFORMATION
fixed length control field s1983 j 000 0 eng u
040 ## - CATALOGING SOURCE
Transcribing agency
100 1# - MAIN ENTRY--PERSONAL NAME
Personal name Hickey, Marilyn.
245 10 - TITLE STATEMENT
Title Conquering setbacks.
260 ## - PUBLICATION, DISTRIBUTION, ETC. (IMPRINT)
Place of publication, distribution, etc Denver, CO., :
Name of publisher, distributor, etc Marilyn Hickey Ministries
Date of publication, distribution, etc c1983
300 ## - PHYSICAL DESCRIPTION
Extent 37 p. ;
Dimensions 13 cm.
650 ## - SUBJECT ADDED ENTRY--TOPICAL TERM
Topical term or geographic name as entry element Christian Life
650 ## - SUBJECT ADDED ENTRY--TOPICAL TERM
Topical term or geographic name as entry element Samson
942 ## - ADDED ENTRY ELEMENTS (KOHA)
Source of classification or shelving scheme
Koha item type Books
Copies
Barcode Price effective from Shelving location Date acquired Damaged status Date last seen Not for loan Permanent Location Lost status Source of classification or shelving scheme Copy number Full call number Withdrawn status Koha item type
104472010-04-14General Stacks2010-04-14 2010-04-14 RHEMA Bible Training College  1BV 4501 .H5 Books